| 000 | 00924nam a2200265 a 4500 | ||
|---|---|---|---|
| 001 | 25735 | ||
| 003 | BD-RjUL | ||
| 005 | 20211209050924.0 | ||
| 008 | 140319s1981 ii bf b f001 0 eng | ||
| 035 | _a(BD-RjUL)25805 | ||
| 040 |
_aDLC _beng _cDLC _dDLC _dLC _dBD-RjUL |
||
| 041 | _aeng | ||
| 082 | 0 | 0 |
_a305.6297105414 _219 _bAHB 1981 |
| 100 | 1 |
_aAhmed, Rafiuddin, _d1941- _979054 |
|
| 245 | 1 | 4 |
_aThe Bengal Muslims, 1871-1906 : _ba quest for identity / _cRafiuddin Ahmed. |
| 260 |
_aDelhi ; _aNew York : _bOxford University Press, _c1981. |
||
| 300 |
_axvi, 271 p., [2] leaves of plates : _bmaps ; _c23 cm. |
||
| 504 | _aBibliography: p. 251-263. and index. | ||
| 650 | 0 |
_aMuslims _zIndia _zBengal _xPolitical activity. _979055 |
|
| 650 | 0 |
_aIslam and politics _zIndia _zBengal. _979056 |
|
| 651 | 0 |
_aBengal (India) _xPolitics and government. _979057 |
|
| 942 |
_2ddc _cBK |
||
| 999 |
_c25735 _d25735 |
||